00459nam a2200121Ia 4500008004100000100001800041245008600059245007300145260004900218260000900267650001300276856004800289170221s9999 xx 000 0 und d aCristi Tilden aEmpirical evidence of financial statement manipulation during economic recessions cCristi Tilden, Deloitte, LLP; Troy Janes, Rutgers University-Camden. bJournal of Management and Marketing Research c2014 xBusiness uhttp://www.aabri.com/manuscripts/121125.pdf